| 000 | 00401nam a22001697a 4500 | ||
|---|---|---|---|
| 005 | 20160527124215.0 | ||
| 008 | 160527b xxu||||| |||| 00| 0 eng d | ||
| 020 | _a978-81-7446-627-3 | ||
| 041 | _aeng | ||
| 082 | _b5546 | ||
| 100 |
_aIsmail, Roje _91391 |
||
| 245 | _aLogistics Management | ||
| 260 |
_aNew Delhi _bAcademic Faundation |
||
| 300 | _a346 | ||
| 650 |
_aManagement _9241 |
||
| 942 | _cBK | ||
| 999 |
_c1970 _d1969 |
||